000 00826nam a2200241 i 4500
001 143230
003 ES-MaACL
005 20230906200746.0
007 t|
008 070214s1969 sp r ||||1| spa d
100 1 _aSempere y Guarinos, Juan (
_d1754-1830)
_9105412
245 1 0 _aEnsayo de una biblioteca española de los mejores escritores del reinado de Carlos III /
_cJuan Sempere y Guarinos.
250 _aEd. facs.
260 _aMadrid :
_bGredos,
_c1969.
300 _a6 t. en 3 vol. ;
_c19 cm.
490 1 _aBiblioteca románica hispánica
650 0 4 _aEscritores españoles-
_yS.XVIII-
_xBibliografías.
_912390
655 7 _2tgfbne
_9226495
_aFacsímiles
830 0 _aBiblioteca románica hispánica
_9180746
852 _aES-MaACL
_jC-40075-77
_bR.70794
942 _2udc
999 _c143230
_d143230